书目信息 |
| 题名: |
幸福
|
|
| 作者: | 曼斯菲尔德 著 ;徐志摩 译 | |
| 分册: | ||
| 出版信息: | 南京 江苏凤凰文艺出版社 2017 |
|
| 页数: | 232页 | |
| 开本: | 21cm | |
| 丛书名: | ||
| 单 册: | ||
| 中图分类: | I561.45 , I11 | |
| 科图分类: | ||
| 主题词: | 短篇小说--小说集--英国--现代 , 文学--作品集--世界 | |
| 电子资源: | ||
| ISBN: | 978-7-5594-0553-1 | |
| 000 | 00825nam0 2200277 450 | |
| 001 | 2372900782 | |
| 005 | 20231128205436.48 | |
| 010 | @a978-7-5594-0553-1@dCNY42.00 | |
| 100 | @a20171116d2017 em y0chiy50 ea | |
| 101 | 1 | @achi@ceng |
| 102 | @aCN@b320000 | |
| 105 | @ay z 000ay | |
| 200 | 1 | @a幸福@Axing fu@f(英)凯瑟琳·曼斯菲尔德著@g徐志摩译 |
| 210 | @a南京@c江苏凤凰文艺出版社@d2017 | |
| 215 | @a232页@d21cm | |
| 300 | @a异国的芬芳 | |
| 300 | @a经典小说文选 | |
| 510 | 1 | @aBliss@zeng |
| 606 | 0 | @a短篇小说@x小说集@y英国@z现代 |
| 606 | 0 | @a文学@x作品集@x世界 |
| 690 | @aI561.45@v5 | |
| 690 | @aI11@v4 | |
| 701 | 0 | @c(英)@a曼斯菲尔德@Aman si fei er de@c(女,Mansfield, Katherine@f1888-1923)@4著 |
| 702 | 0 | @a徐志摩@Axu zhi mo@f(1897-1931)@4译 |
| 801 | 0 | @aCN@b91MARC@c20171116 |
| 905 | @aZUCC@dI11@e111 | |
| 幸福/(英)凯瑟琳·曼斯菲尔德著/徐志摩译.-南京:江苏凤凰文艺出版社,2017 |
| 232页;21cm |
| 异国的芬芳.-经典小说文选 |
| ISBN 978-7-5594-0553-1:CNY42.00 |
| ● |
| 相关链接 |
|
|
|
正题名:幸福
索取号:I11/111
 
预约/预借
| 序号 | 登录号 | 条形码 | 馆藏地/架位号 | 状态 | 备注 |
| 1 | 2001014599 | 2001014599 | 第四书库/四10架A面5层4列/ [索取号:I11/111] | 在馆 | |
| 2 | 2001014600 | 2001014600 | 第四书库/四10架A面5层4列/ [索取号:I11/111] | 在馆 | |
| 3 | 2001014601 | 2001014601 | 第四书库/四10架A面5层4列/ [索取号:I11/111] | 在馆 | |
| 4 | 2001014602 | 2001014602 | 第四书库/四10架A面5层4列/ [索取号:I11/111] | 在馆 | |
| 5 | 2001014603 | 2001014603 | 第四书库/四10架A面5层4列/ [索取号:I11/111] | 在馆 | |
| 6 | 2001014604 | 2001014604 | 第四书库/四10架A面5层4列/ [索取号:I11/111] | 在馆 |